Geología

Saved in:
書目詳細資料
Main Authors: Amoros, José Luis (Author), García, Francisco J (Author), Ramírez Sánchez, Enrique (Author), Simancas Pérez, Rafael (Author)
格式: 圖書
語言:西班牙语
出版: Madrid Anaya 1979
叢編:Manuales de Orientación Universitaria
主題:
標簽: 添加標簽
沒有標簽, 成為第一個標記此記錄!

MARC

LEADER 00000nam a2200000 a 4500
001 UCX6537
003 CL-VaPUC
008 930719e19790000SP |||||||||||||||||spa|d
082 0 4 |a 551  |b AMO  |2 21 
100 0 |a Amoros, José Luis  |e author  |9 323051 
700 0 |a García, Francisco J  |e author  |9 323052 
700 0 |a Ramírez Sánchez, Enrique  |e author  |9 323053 
700 0 |a Simancas Pérez, Rafael  |e author  |9 323054 
245 1 0 |a Geología 
300 |a 623 p 
942 |c BK 
945 |d 19930719 00:00:00 
260 |a Madrid  |b Anaya  |c 1979 
650 7 |a GEOLOGIA MANUALES  |2 CL-VaPUC  |9 323055 
583 |a last modification  |c 19930719 00:00:00  |k Rodrigo Vera 
490 0 |a Manuales de Orientación Universitaria 
999 |c 226537  |d 226535 
952 |0 0  |1 0  |4 0  |6 551_000000000000000_AMO_1979  |7 0  |8 A  |9 224986  |a BIBING  |b BIBING  |d 2019-11-15  |i 2936968  |o 551 AMO 1979  |p 2936968  |r 2025-01-20  |w 2019-11-15  |y BK  |k GEO